Back to basics : fundamental educational questions reexamined

Αποθηκεύτηκε σε:
Λεπτομέρειες βιβλιογραφικής εγγραφής
Κύριος συγγραφέας: Schrag, Francis
Μορφή: Βιβλίο
Γλώσσα:English
Δημοσίευση: San Francisco : Jossey-Bass Publishers, 1995
Σειρά:Jossey-Bass education series
Θέματα:
Ετικέτες: Προσθήκη ετικέτας
Δεν υπάρχουν, Καταχωρήστε ετικέτα πρώτοι!

MARC

LEADER 00000nam a2200000 i 4500
001 1/84628
008 990625s1995 eng d
020 |a 0-7879-0060-5 
035 |l 10051648 
040 |a GR-MY-UA  |b gre  |e aacr 
041 0 |a eng 
082 0 |a 370.973 
100 1 |a Schrag, Francis. 
245 1 0 |a Back to basics :  |b fundamental educational questions reexamined /  |c Francis Schrag 
260 |a San Francisco :   |b Jossey-Bass Publishers,   |c 1995 
300 |a 178 p. 
490 1 |a Jossey-Bass education series 
650 0 0 |a Education  |z United States  |x Philosophy. 
650 0 0 |a Education  |z United States  |x Aims and Objectives. 
830 0 |a Jossey-Bass education series 
852 |a INST  |b RHODES  |e 19990625  |h 370.973 SCH  |p 005400014649  |q 005400014649  |t BK  |y 0 
901 |a BIBL4-1999-2 
909 |a Ρ  |b 066211  |c 1999 
922 |a 4ΕΛΗ  |b 199906  |c ΚΠΣ/154  |d LEADER 
970 |a ΤΕΡΝΕΖΗΣ  |b ΧΡΗΣΤΟΣ  |z 19990625